Word Ladder: Walking Dead Family Quiz Stats

 Plays Quiz Updated Oct 13, 2013

     
Support Sporcle.
Go Orange.
Score 0/11 Timer 01:00
1 Play Today
☠ HINT ☠ ☠ WORD ☠ % Correct
☠ TROOPER GRIMES ☠
or Jessie's Girl singer Springfield
☠ RICK ☠
90.8%
☠ HIS SON ☠
or US Track star Lewis
☠ CARL ☠
83.2%
Lyme disease carrierTICK
72.6%
ConversationTALK
71.8%
☠ HIS WIFE ☠
or 'Full House' actress Loughlin
☠ LORI ☠
71.6%
____ Of The WildCALL
66.1%
Long ____ SallyTALL
62.1%
Saddles, bridles, bits, etc.TACK
61.1%
ConcernCARE
51.2%
Cultural knowledgeLORE
44.8%
Apple or PC component?CORE
43.9%

Today's Daily Dose

Get the Picture
Alien TV Shows

From the Vault

Invisible Original 13 Colonies

by ChargingTiger

History 90s
Don't fire until you see the whites of your answers.
Remove Ads.
Support Sporcle.
Get the best of Sporcle when you Go Orange. This ad-free experience offers more features, more stats, and more fun while also helping to support Sporcle. Thank you for becoming a member.

Show Comments

Extras

Top Quizzes Today


Score Distribution

Your Account Isn't Verified!

In order to create a playlist on Sporcle, you need to verify the email address you used during registration. Go to your Sporcle Settings to finish the process.

Report this User

Report this user for behavior that violates our Community Guidelines.

Details: